| 000 | 00641nam a2200229Ia 4500 | ||
|---|---|---|---|
| 005 | 20250508164349.0 | ||
| 008 | 008 250505s9999 xx 000 0 hin d | ||
| 020 | _a81-87171-40-5 | ||
| 037 | _aReference | ||
| 040 |
_aFEDL _beng _cFEDL |
||
| 041 |
_ahin _2hin |
||
| 084 |
_a900, EKL/RR _qFEDL |
||
| 100 |
_aRatnagar Shirin _9777625 |
||
| 245 | 0 | _aBhartiya itihas ke srot: Pracheen kaal, Part 1 | |
| 245 | 0 | _cEKALVYA | |
| 260 |
_aBhopal, India _bEklavya Prakashan _c2001 |
||
| 300 | _avii,111p | ||
| 365 |
_aINR _b100 |
||
| 700 |
_a Dandekar Ajay _9777932 |
||
| 942 |
_cREF _h900, EKL/RR |
||
| 999 |
_c1388758 _d1388758 |
||